Statistics for Female Equivalent Words Quiz

Click here to take the quiz!

General Stats

  • This quiz has been taken 118,068 times
    (118,020 since last reset)
  • The average score is 23 of 30

Answer Stats

MaleFemale% Correct
ManWoman
100%
BrotherSister
100%
BoyGirl
100%
HisHer
100%
KingQueen
100%
UncleAunt
99%
SonDaughter
99%
HusbandWife
99%
HeShe
99%
PrincePrincess
99%
NephewNiece
96%
WaiterWaitress
95%
DukeDuchess
87%
LordLady
86%
HeroHeroine
85%
GodGoddess
85%
SirMa'am
80%
HeadmasterHeadmistress
79%
BaronBaroness
78%
MonkNun
72%
FraternitySorority
65%
WarlockWitch
63%
LadLass
59%
MasseurMasseuse
57%
ComedianComedienne
55%
Sir (Knighthood)Dame
44%
IncubusSuccubus
34%
AviatorAviatrix
30%
AbbotAbbess
23%
FishmongerFishwife
18%

Score Distribution

Percentile by Number Answered

Percent of People with Each Score

Your Score History

You have not taken this quiz since the last reset